[Event "FRA-chT2 South 0809"]
[Site "France"]
[Date "2009.04.05"]
[Round "11.4"]
[White "Bedue, Julien"]
[Black "Fortuit, Nicolas"]
[Result "0-1"]
[WhiteElo "2131"]
[BlackElo "2099"]
[PlyCount "122"]
[EventDate "2008.10.12"]
[EventType "team-tourn"]
[EventRounds "11"]
[EventCountry "FRA"]
[SourceTitle "EXT 2010"]
[Source "ChessBase"]
[SourceDate "2010.11.25"]
[SourceVersion "1"]
[SourceVersionDate "2010.11.25"]
[SourceQuality "1"]
[WhiteTeam "Condom"]
[BlackTeam "Marseille Echecs II"]
[WhiteTeamCountry "FRA"]
[BlackTeamCountry "FRA"]

1. c4 c5 2. Nc3 Nc6 3. Nf3 g6 4. e3 d6 5. Be2 Bg7 6. d4 cxd4 7. exd4 Bg4 8. d5 Bxc3+ 9. bxc3 Bxf3 10. Bxf3 Ne5 11. Be2 Qa5 12. 0-0 Nf6 13. Bh6 Rg8 14. Rb1 b6 15. Rb5 Qxa2 16. Rb1 Qa5 17. Ra1 Qc5 18. Qa4+ Ned7 19. Be3 Qc7 20. Rfb1 Kf8 21. Bh6+ Ke8 22. Be3 Kf8 23. Bh6+ Ke8 24. Be3 Kf8 25. Qc6 Qxc6 26. dxc6 Ne5 27. Bh6+ Ke8 28. Rxb6 Kd8 29. Be3 Ne4 30. f4 Nxc3 31. fxe5 Nxe2+ 32. Kf1 Nc3 33. Rba6 Kc7 34. exd6+ Kxd6 35. c5+ Kd5 36. c7 Rgc8 37. Rxa7 Rxa7 38. Rxa7 Nb5 39. Rb7 Nxc7 40. Bf2 e5 41. Ke2 f5 42. Kd3 g5 43. Kc3 e4 44. Rb6 Ne8 45. Bd4 f4 46. Rb7 Rc7 47. Rb8 Re7 48. Rd8+ Kc6 49. Kc4 e3 50. Bc3 e2 51. Be1 Re6 52. Rb8 Re4+ 53. Kd3 Re3+ 54. Kd4 Nc7 55. Rb6+ Kd7 56. Rh6 Nb5+ 57. Kc4 Na3+ 58. Kd5 Rd3+ 59. Ke4 Rd1 60. c6+ Kc8 61. Bf2 Rf1 0-1

[Event "FRA-chT2 South 0809"]
[Site "France"]
[Date "2009.03.15"]
[Round "9.4"]
[White "Bedue, Julien"]
[Black "Nelis, Jean Francois"]
[Result "1/2-1/2"]
[WhiteElo "2131"]
[BlackElo "2242"]
[PlyCount "62"]
[EventDate "2008.10.12"]
[EventType "team-tourn"]
[EventRounds "11"]
[EventCountry "FRA"]
[SourceTitle "EXT 2010"]
[Source "ChessBase"]
[SourceDate "2010.11.25"]
[SourceVersion "1"]
[SourceVersionDate "2010.11.25"]
[SourceQuality "1"]
[WhiteTeam "Condom"]
[BlackTeam "Monaco"]
[WhiteTeamCountry "FRA"]
[BlackTeamCountry "FRA"]

1. d4 Nf6 2. Bg5 Ne4 3. Bf4 c5 4. f3 Qa5+ 5. c3 Nf6 6. d5 d6 7. e4 g6 8. Na3 Bg7 9. Nc4 Qc7 10. a4 0-0 11. Bd3 Nh5 12. Be3 e6 13. Ne2 exd5 14. exd5 Nd7 15. 0-0 Re8 16. Bf2 Ne5 17. Nxe5 Bxe5 18. Qd2 f5 19. g3 Bd7 20. Rfe1 Re7 21. Kg2 Rae8 22. Bb5 a6 23. Bxd7 Qxd7 24. Ng1 Kf7 25. b3 b5 26. axb5 Qxb5 27. Ra3 c4 28. b4 Bg7 29. Rxe7+ Rxe7 30. Ra5 Qb7 31. Bd4 Be5 1/2-1/2

[Event "FRA-chT2 South 0809"]
[Site "France"]
[Date "2009.02.08"]
[Round "7.7"]
[White "Bolon, Karelle"]
[Black "Bedue, Julien"]
[Result "1-0"]
[WhiteElo "2058"]
[BlackElo "2131"]
[PlyCount "122"]
[EventDate "2008.10.12"]
[EventType "team-tourn"]
[EventRounds "11"]
[EventCountry "FRA"]
[SourceTitle "EXT 2010"]
[Source "ChessBase"]
[SourceDate "2010.11.25"]
[SourceVersion "1"]
[SourceVersionDate "2010.11.25"]
[SourceQuality "1"]
[WhiteTeam "Ramonville"]
[BlackTeam "Condom"]
[WhiteTeamCountry "FRA"]
[BlackTeamCountry "FRA"]

1. d4 d5 2. Bf4 Nf6 3. e3 Bf5 4. c4 c6 5. Qb3 Qb6 6. c5 Qxb3 7. axb3 Nbd7 8. b4 Nh5 9. Bg3 Nxg3 10. hxg3 e5 11. Nc3 Be7 12. Kd2 0-0 13. b5 Bf6 14. Bd3 Bxd3 15. Kxd3 a6 16. bxc6 bxc6 17. b4 Rab8 18. Ra4 Rb7 19. Nge2 Nb8 20. g4 Re8 21. Rb1 g6 22. Nc1 exd4 23. exd4 Re1 24. Nb3 Rxb1 25. Nxb1 Bd8 26. N1d2 Kf8 27. Nf3 f6 28. Ne1 Ke8 29. Nc2 Kd7 30. Ra1 Kc8 31. Re1 Re7 32. Rh1 Nd7 33. Ne3 Nf8 34. Ra1 Kb7 35. Na5+ Bxa5 36. bxa5 Nd7 37. Nc2 Kc7 38. Nb4 Nb8 39. Na2 Kc8 40. Rb1 Nd7 41. Nc3 Kc7 42. Na4 Re8 43. Nb6 Nf8 44. Rh1 Re4 45. f3 Re7 46. Rb1 Re8 47. Na4 Nd7 48. Kd2 Rb8 49. Nb6 Nf8 50. Re1 Kd8 51. f4 Rb7 52. f5 Re7 53. Rxe7 Kxe7 54. Ke3 gxf5 55. gxf5 h6 56. Kf4 Kf7 57. Kg4 Nh7 58. Nd7 Ng5 59. Nb8 Ne4 60. Nxa6 Nf2+ 61. Kf3 Nd3 1-0

[Event "FRA-chT2 South 0809"]
[Site "France"]
[Date "2009.01.18"]
[Round "6.3"]
[White "Boyd, Stephen"]
[Black "Bedue, Julien"]
[Result "1-0"]
[WhiteElo "2317"]
[BlackElo "2131"]
[PlyCount "115"]
[EventDate "2008.10.12"]
[EventType "team-tourn"]
[EventRounds "11"]
[EventCountry "FRA"]
[SourceTitle "EXT 2010"]
[Source "ChessBase"]
[SourceDate "2010.11.25"]
[SourceVersion "1"]
[SourceVersionDate "2010.11.25"]
[SourceQuality "1"]
[WhiteTeam "Saint Affrique"]
[BlackTeam "Condom"]
[WhiteTeamCountry "FRA"]
[BlackTeamCountry "FRA"]

1. c4 c6 2. e4 d6 3. Nc3 e5 4. Nf3 Nf6 5. d4 Nbd7 6. Be2 Be7 7. 0-0 0-0 8. Qc2 Re8 9. Bg5 Bf8 10. Rfd1 Qe7 11. Re1 h6 12. Bh4 g6 13. Bf1 Bg7 14. Rad1 Nf8 15. c5 g5 16. cxd6 Qd7 17. Nxe5 Qxd6 18. Bg3 Qe7 19. Nc4 Bg4 20. f3 Bh5 21. Nd6 Red8 22. e5 Ne8 23. Qb3 Rd7 24. d5 Nxd6 25. exd6 Qd8 26. Kh1 Ng6 27. dxc6 bxc6 28. Qc4 Rb8 29. b3 Nf4 30. Ne4 Kh8 31. Bxf4 gxf4 32. Qxc6 Rb6 33. Qc5 Bg6 34. Bb5 Rdb7 35. Bc6 Rb8 36. d7 Qc7 37. Ba4 Be5 38. d8Q+ Rxd8 39. Rxd8+ Qxd8 40. Qxe5+ Kh7 41. Qxf4 Re6 42. Qc1 Qa5 43. h3 Re5 44. Kh2 Rf5 45. Qc7 Qa6 46. Qc3 Rf4 47. Bc6 Qa3 48. Rd1 h5 49. Rd8 Bxe4 50. Bxe4+ Rxe4 51. Rh8+ Kg6 52. Rg8+ Kf5 53. fxe4+ Kxe4 54. Re8+ Kd5 55. Qe5+ Kc6 56. Rc8+ Kd7 57. Rc7+ Kd8 58. Rb7 1-0

[Event "FRA-chT2 South 0809"]
[Site "France"]
[Date "2008.10.12"]
[Round "1.6"]
[White "Fantinel, Thibault"]
[Black "Bedue, Julien"]
[Result "0-1"]
[WhiteElo "2000"]
[BlackElo "2131"]
[PlyCount "156"]
[EventDate "2008.10.12"]
[EventType "team-tourn"]
[EventRounds "11"]
[EventCountry "FRA"]
[SourceTitle "EXT 2010"]
[Source "ChessBase"]
[SourceDate "2010.11.25"]
[SourceVersion "1"]
[SourceVersionDate "2010.11.25"]
[SourceQuality "1"]
[WhiteTeam "Agen"]
[BlackTeam "Condom"]
[WhiteTeamCountry "FRA"]
[BlackTeamCountry "FRA"]

1. c4 e5 2. g3 Nf6 3. Bg2 Bc5 4. Nc3 0-0 5. e3 Nc6 6. d3 d6 7. Nge2 Bg4 8. h3 Bh5 9. a3 a5 10. g4 Bg6 11. Ng3 Nd7 12. 0-0 Re8 13. Kh2 Nf8 14. Nd5 Rb8 15. Nf5 Ne6 16. Bd2 f6 17. b4 axb4 18. axb4 Bb6 19. b5 Ne7 20. Ndxe7+ Rxe7 21. Nxe7+ Qxe7 22. Ba5 Bc5 23. Bd5 Bf7 24. Qf3 Ng5 25. Bxf7+ Kxf7 26. Qd5+ Kf8 27. Bc3 Bb6 28. Rae1 e4 29. Re2 c6 30. bxc6 exd3 31. Qxd3 bxc6 32. e4 Re8 33. f4 Ne6 34. e5 dxe5 35. fxe5 Ng5 36. Rfe1 Rd8 37. Qf5 g6 38. Qf1 f5 39. gxf5 Rd3 40. fxg6+ Rf3 41. Qg2 Rxh3+ 42. Qxh3 Nxh3 43. Kxh3 Qe6+ 44. Kh2 hxg6 45. Rf1+ Ke8 46. Re4 Bc5 47. Kg2 g5 48. Rfe1 Qf5 49. Bd4 Bb4 50. R1e2 Bd2 51. Bf2 g4 52. e6 Qf3+ 53. Kg1 Bf4 54. e7 g3 55. Bxg3 Bxg3 56. Re6 Bf4 57. R6e4 Bg3 58. Re6 Bf2+ 59. Kf1 Bd4+ 60. Ke1 Qc3+ 61. Kf1 Qxc4 62. R6e4 c5 63. Re6 Qc1+ 64. Kg2 Qf4 65. R2e4 Qf5 66. Re2 Qg4+ 67. Kh2 c4 68. R6e4 Qh5+ 69. Kg2 c3 70. Rc2 Qd1 71. Ra2 Qg1+ 72. Kf3 Qh1+ 73. Kf4 Qh6+ 74. Kf3 Qc6 75. Rc2 Qc4 76. Ree2 Bc5 77. Kg3 Qd3+ 78. Kf4 Bxe7 0-1

[Event "FRA-chT2 South 0607"]
[Site "France"]
[Date "2007.01.21"]
[Round "6.3"]
[White "Heinis, Vincent"]
[Black "Bedue, Julien"]
[Result "1-0"]
[WhiteElo "2156"]
[BlackElo "2128"]
[PlyCount "81"]
[EventDate "2006.10.15"]
[EventType "team"]
[EventRounds "11"]
[EventCountry "FRA"]
[SourceTitle "EXT 2008"]
[Source "ChessBase"]
[SourceDate "2007.11.25"]
[SourceVersion "1"]
[SourceVersionDate "2007.11.25"]
[SourceQuality "1"]
[WhiteTeam "Toulouse"]
[BlackTeam "Condom"]
[WhiteTeamCountry "FRA"]
[BlackTeamCountry "FRA"]

1. d4 c5 2. d5 e6 3. c4 Nf6 4. Nc3 Bd6 5. Nb5 Bc7 6. Nxc7+ Qxc7 7. g3 exd5 8. cxd5 d6 9. Bg2 0-0 10. Nf3 a6 11. 0-0 b5 12. b3 Bb7 13. Nh4 Re8 14. Bb2 Nbd7 15. e4 Rad8 16. Nf5 Bc8 17. Qd2 g6 18. Nh6+ Kf8 19. Qf4 Kg7 20. Ng4 Re5 21. Qh6+ Kg8 22. Nxe5 dxe5 23. h3 Nh5 24. Kh2 c4 25. Qd2 a5 26. Rac1 Ba6 27. bxc4 bxc4 28. Bc3 Ra8 29. f4 exf4 30. gxf4 Bb7 31. e5 Qd8 32. Rb1 Qc8 33. f5 Nc5 34. Qd4 Na4 35. e6 f6 36. fxg6 hxg6 37. Rxf6 Nxc3 38. Qxc3 Qc7+ 39. Kg1 Qc5+ 40. Kh1 Ng3+ 41. Qxg3 1-0

[Event "Condom op 3rd"]
[Site "Condom"]
[Date "2004.07.10"]
[Round "3"]
[White "Bedue, Julien"]
[Black "Romieux, Sebastien"]
[Result "1-0"]
[WhiteElo "2094"]
[BlackElo "2235"]
[PlyCount "75"]
[EventDate "2004.07.10"]
[EventType "swiss"]
[EventRounds "9"]
[EventCountry "FRA"]
[SourceTitle "CBM 101 Extra"]
[Source "ChessBase"]
[SourceDate "2004.09.01"]
[SourceVersion "2"]
[SourceVersionDate "2004.09.01"]
[SourceQuality "1"]

1. c4 e5 2. Nc3 Nf6 3. d3 Bb4 4. Nf3 Qe7 5. e4 Bxc3+ 6. bxc3 c5 7. Be2 d6 8. Nd2 b6 9. Nf1 Bb7 10. Ng3 g6 11. Bh6 Nbd7 12. 0-0 Kd8 13. Qd2 Kc7 14. f4 Ne8 15. Bg4 Qh4 16. Bxd7 Qxh6 17. Ba4 f6 18. Rad1 Bc6 19. Bxc6 Kxc6 20. d4 cxd4 21. cxd4 exf4 22. e5 Rd8 23. Rxf4 g5 24. Nf5 Qf8 25. e6 Rc8 26. Rf3 Kb7 27. Qe2 h5 28. c5 dxc5 29. d5 g4 30. Rf4 Nc7 31. d6 Nxe6 32. Qxe6 Qe8 33. Ne7 Rc6 34. Qe4 f5 35. Qxc6+ Qxc6 36. Nxc6 Kxc6 37. Rxf5 h4 38. Rf7 1-0

[Event "FRA-chT2 0304a"]
[Site "France"]
[Date "2004.03.13"]
[Round "8.8"]
[White "Hodot, Yves"]
[Black "Bedue, Julien"]
[Result "1/2-1/2"]
[WhiteElo "2071"]
[BlackElo "2137"]
[PlyCount "120"]
[EventDate "2003.10.??"]
[EventType "team"]
[EventRounds "11"]
[EventCountry "FRA"]
[SourceTitle "EXT 2005"]
[Source "ChessBase"]
[SourceDate "2004.11.15"]
[SourceVersion "1"]
[SourceVersionDate "2004.11.15"]
[SourceQuality "1"]
[WhiteTeam "Grenoble"]
[BlackTeam "Condom"]
[WhiteTeamCountry "FRA"]
[BlackTeamCountry "FRA"]

1. c4 f5 2. d4 Nf6 3. Nc3 g6 4. Bg5 Bg7 5. Nf3 Ne4 6. Bf4 c5 7. e3 Nc6 8. Bd3 0-0 9. 0-0 d6 10. d5 Nxc3 11. bxc3 Na5 12. Rc1 h6 13. h4 b6 14. Nd2 e5 15. dxe6 Bxe6 16. Bg3 Qd7 17. Qe2 Rad8 18. Rfd1 Qf7 19. f3 Rd7 20. Kf2 Rfd8 21. Rc2 b5 22. cxb5 c4 23. Nxc4 Nxc4 24. a4 Nb6 25. a5 Na4 26. Rdc1 Nc5 27. b6 Ne4+ 28. Bxe4 fxe4 29. c4 Bf5 30. Rd2 exf3 31. gxf3 Bf6 32. Rcd1 axb6 33. axb6 Qe7 34. e4 Be6 35. h5 gxh5 36. Qe3 Bh4 37. Rg1 Kh7 38. e5 Bxg3+ 39. Rxg3 Qf7 40. exd6 Bf5 41. Qf4 Rc8 42. Rd5 Bg6 43. Qd4 Qe6 44. c5 Ra8 45. Qd2 Rf7 46. Rxg6 Qxg6 47. Qd3 Ra2+ 48. Ke3 Ra3 49. Qxa3 Qe6+ 50. Kd2 Qxd5+ 51. Qd3+ Qxd3+ 52. Kxd3 h4 53. Ke2 h3 54. Kf2 Rg7 55. d7 h2 56. d8Q h1Q 57. Qd3+ Kg8 58. Qd8+ Kf7 59. Qd7+ Kf6 60. Qd4+ Kf7 1/2-1/2

[Event "FRA-chT2 0304"]
[Site "France"]
[Date "2003.10.12"]
[Round "1"]
[White "Ouakhir, Pierre Mehdi"]
[Black "Bedue, Julien"]
[Result "1-0"]
[WhiteElo "2183"]
[BlackElo "2149"]
[PlyCount "67"]
[EventDate "2003.10.??"]
[EventType "team"]
[EventRounds "11"]
[EventCountry "FRA"]
[SourceTitle "EXT 2005"]
[Source "ChessBase"]
[SourceDate "2004.11.15"]
[SourceVersion "1"]
[SourceVersionDate "2004.11.15"]
[SourceQuality "1"]

1. d4 Nf6 2. c4 c5 3. d5 e5 4. Nc3 d6 5. g3 Be7 6. Bg2 0-0 7. e4 Na6 8. Nge2 Bd7 9. 0-0 Nc7 10. a4 h6 11. f4 exf4 12. gxf4 Nh7 13. e5 Qc8 14. Ne4 Ne8 15. Qd3 Kh8 16. Bd2 Bf5 17. N2g3 Bh3 18. Bc3 Bxg2 19. Kxg2 f5 20. Nd2 dxe5 21. fxe5 f4 22. Nge4 Bh4 23. Nf3 Qg4+ 24. Kh1 Qh3 25. Nf2 Bxf2 26. Rxf2 Ng5 27. Rd1 Nxf3 28. Qxf3 Qd7 29. d6 Rd8 30. Re2 Nc7 31. Qxb7 Qxa4 32. b3 Qe8 33. Qxc7 Qh5 34. Rg1 1-0

[Event "FRA-chT3 Gr3 9900"]
[Site "France"]
[Date "2000.12.10"]
[Round "4"]
[White "Aspinall, John"]
[Black "Bedue, Julien"]
[Result "0-1"]
[WhiteElo "1840"]
[BlackElo "2090"]
[PlyCount "80"]
[EventDate "1999.10.??"]
[EventType "team"]
[EventRounds "9"]
[EventCountry "FRA"]
[SourceTitle "EXT 2005"]
[Source "ChessBase"]
[SourceDate "2004.11.15"]
[SourceVersion "1"]
[SourceVersionDate "2004.11.15"]
[SourceQuality "1"]

1. e4 c5 2. d3 Nf6 3. g3 Nc6 4. Bg2 d5 5. Nd2 g6 6. Ngf3 Bg7 7. 0-0 0-0 8. c3 Qc7 9. Re1 dxe4 10. dxe4 Bd7 11. a4 Rad8 12. Qe2 Bc8 13. Nc4 e5 14. Bg5 h6 15. Bxf6 Bxf6 16. Qe3 g5 17. Qxc5 b6 18. Qe3 Nd4 19. cxd4 Qxc4 20. d5 Qb4 21. Qa3 Qa5 22. Bf1 Qc5 23. Qxc5 bxc5 24. Rac1 Bg4 25. Nd2 Rb8 26. b3 Rfc8 27. Bb5 Bd8 28. Nc4 f6 29. Re3 Kf8 30. Bc6 Rb4 31. Rcc3 Bh3 32. f3 h5 33. g4 Rc7 34. gxh5 Bc8 35. Nd6 Ba6 36. Rxc5 Rh7 37. Bb5 Bb6 38. Rec3 Bxb5 39. Nxb5 a6 40. Nc7 Rxc7 0-1

[Event "FRA-chT3 Gr3 9900"]
[Site "France"]
[Date "2000.11.18"]
[Round "2"]
[White "Croze, Yoann"]
[Black "Bedue, Julien"]
[Result "1/2-1/2"]
[WhiteElo "1660"]
[BlackElo "2090"]
[PlyCount "154"]
[EventDate "1999.10.??"]
[EventType "team"]
[EventRounds "9"]
[EventCountry "FRA"]
[SourceTitle "EXT 2005"]
[Source "ChessBase"]
[SourceDate "2004.11.15"]
[SourceVersion "1"]
[SourceVersionDate "2004.11.15"]
[SourceQuality "1"]

1. e4 c5 2. Nf3 e6 3. d4 cxd4 4. Nxd4 Nc6 5. Nc3 Qc7 6. Be3 Nf6 7. Be2 a6 8. a3 Ne5 9. Qd2 b6 10. 0-0-0 Bb7 11. Bf4 d6 12. f3 Rc8 13. Ndb5 axb5 14. Nxb5 Qb8 15. Bxe5 dxe5 16. Na7 Bc5 17. Nxc8 Qxc8 18. Bb5+ Ke7 19. Qg5 Bc6 20. Bxc6 Qxc6 21. Qxe5 Rc8 22. c3 Ne8 23. Rd3 Qb5 24. Qg5+ f6 25. Qd2 Nd6 26. Rd1 Rd8 27. Qc2 Nb7 28. Rxd8 Nxd8 29. Qd2 Nb7 30. e5 fxe5 31. Qg5+ Kf7 32. Qxe5 Qc6 33. Qh5+ Kg8 34. Qg4 Be7 35. Qd4 Nc5 36. Kc2 b5 37. Qf4 Nd7 38. Re1 Bf6 39. g4 h6 40. Qe4 Qxe4+ 41. Rxe4 Ne5 42. Re3 Kf7 43. h3 Ke7 44. f4 Nc4 45. Rd3 Nb6 46. b3 Nd5 47. Rf3 Kd6 48. c4 bxc4 49. bxc4 Nc7 50. Rb3 e5 51. fxe5+ Bxe5 52. Kd3 Ne6 53. Rb6+ Kd7 54. Ke4 Bc7 55. Rb5 Ng5+ 56. Kf5 Nxh3 57. a4 Nf4 58. a5 g6+ 59. Ke4 Ne2 60. Kd3 Nf4+ 61. Ke3 Ne6 62. a6 Bh2 63. a7 Bg1+ 64. Ke4 Bxa7 65. Rb7+ Kd6 66. Rxa7 Nc5+ 67. Kd4 Ne6+ 68. Kc3 h5 69. gxh5 gxh5 70. Rh7 Nf4 71. Kb4 Ke6 72. Kb5 Kf6 73. c5 Kg6 74. Rh8 Kg7 75. Rxh5 Nxh5 76. c6 Nf6 77. c7 Ne8 1/2-1/2

[Event "FRA-chT3 Gr3 9900"]
[Site "France"]
[Date "2000.10.15"]
[Round "1"]
[White "Delacroix, Olivier"]
[Black "Bedue, Julien"]
[Result "0-1"]
[WhiteElo "1880"]
[BlackElo "2090"]
[PlyCount "83"]
[EventDate "1999.10.??"]
[EventType "team"]
[EventRounds "9"]
[EventCountry "FRA"]
[SourceTitle "EXT 2005"]
[Source "ChessBase"]
[SourceDate "2004.11.15"]
[SourceVersion "1"]
[SourceVersionDate "2004.11.15"]
[SourceQuality "1"]

1. e4 Nf6 2. e5 Ne4 3. Nc3 Nxc3 4. bxc3 d6 5. Bc4 dxe5 6. Qh5 e6 7. Qxe5 Nd7 8. Qe2 Bd6 9. Nf3 0-0 10. 0-0 Re8 11. d4 c6 12. Bd2 Qc7 13. Rfe1 b6 14. Qe4 Nf8 15. h4 Bb7 16. Qg4 Rad8 17. h5 Kh8 18. h6 f6 19. Re2 Bc8 20. Rae1 Qf7 21. Nh4 g6 22. Nf3 Rd7 23. d5 cxd5 24. Bb5 e5 25. Bxd7 Bxd7 26. Qg3 Bb8 27. Qh4 g5 28. Qb4 Ng6 29. c4 dxc4 30. Re4 b5 31. Qc5 a6 32. Qb6 Bf5 33. Nxg5 fxg5 34. Bxg5 Bxe4 35. Bf6+ Kg8 36. Rxe4 Ba7 37. Qc6 Bxf2+ 38. Kh1 Nf4 39. g4 Qe6 40. Qxe6+ Rxe6 41. Bg5 Nd5 42. a4 0-1

[Event "FRA-chT2S 9798"]
[Site "France"]
[Date "1998.??.??"]
[Round "10"]
[White "Bedue, Julien"]
[Black "Garbarino, Xavier"]
[Result "1-0"]
[WhiteElo "1990"]
[BlackElo "2110"]
[PlyCount "48"]
[EventDate "1997.??.??"]
[EventType "team"]
[EventRounds "9"]
[EventCountry "FRA"]
[SourceTitle "EXT 2003"]
[Source "ChessBase"]
[SourceDate "2002.11.25"]
[SourceVersion "1"]
[SourceVersionDate "2002.11.25"]
[SourceQuality "1"]

1. d4 d5 2. c4 e6 3. Nf3 c5 4. e3 Nf6 5. Be2 Nc6 6. 0-0 Be7 7. dxc5 Bxc5 8. a3 a6 9. b4 Bb6 10. Bb2 0-0 11. Nbd2 Bc7 12. Rc1 Qe7 13. Rc2 Ng4 14. Qa1 e5 15. cxd5 e4 16. dxc6 exf3 17. Nxf3 Bf5 18. Rc5 Be6 19. cxb7 Rad8 20. h3 Nxe3 21. fxe3 Bxh3 22. Be5 Bb6 23. gxh3 f6 24. Bd4 Qe6 1-0

[Event "FRA-chT2S 9798"]
[Site "France"]
[Date "1998.??.??"]
[Round "6"]
[White "Bedue, Julien"]
[Black "Marino, Olivier"]
[Result "0-1"]
[WhiteElo "1990"]
[BlackElo "2010"]
[PlyCount "86"]
[EventDate "1997.??.??"]
[EventType "team"]
[EventRounds "9"]
[EventCountry "FRA"]
[SourceTitle "EXT 2003"]
[Source "ChessBase"]
[SourceDate "2002.11.25"]
[SourceVersion "1"]
[SourceVersionDate "2002.11.25"]
[SourceQuality "1"]

1. d4 Nf6 2. c4 g6 3. Nc3 Bg7 4. e4 d6 5. Bf4 0-0 6. Be2 a6 7. Qd2 c5 8. Nf3 cxd4 9. Nd5 Nxe4 10. Qc1 e5 11. Bh6 Be6 12. Bxg7 Kxg7 13. h4 h5 14. Kf1 Nd7 15. a4 Ndf6 16. Ra3 Nxd5 17. cxd5 Bxd5 18. Qd1 Rc8 19. g4 hxg4 20. Nxd4 exd4 21. Rh2 Nf6 22. h5 Bc4 23. Qxd4 Bxe2+ 24. Kxe2 Qe7+ 25. Re3 Qd8 26. Kf1 Rc1+ 27. Kg2 Rc5 28. hxg6 fxg6 29. Qb4 b6 30. Qd2 Rh5 31. Rxh5 gxh5 32. Re6 Qa8+ 33. Kg1 Qd5 34. Qe3 b5 35. axb5 axb5 36. b4 Ra8 37. Re7+ Kg6 38. Qe1 h4 39. Qb1+ Kh6 40. Qc1+ Qg5 41. Qc3 Ne4 42. Re6+ Kh5 43. Qb3 Rc8 0-1

[Event "FRA-chT2S 9798"]
[Site "France"]
[Date "1998.??.??"]
[Round "11"]
[White "Birens, Eric Andre"]
[Black "Bedue, Julien"]
[Result "1-0"]
[WhiteElo "2110"]
[BlackElo "1990"]
[PlyCount "77"]
[EventDate "1997.??.??"]
[EventType "team"]
[EventRounds "9"]
[EventCountry "FRA"]
[SourceTitle "EXT 2003"]
[Source "ChessBase"]
[SourceDate "2002.11.25"]
[SourceVersion "1"]
[SourceVersionDate "2002.11.25"]
[SourceQuality "1"]

1. d4 Nf6 2. c4 c5 3. d5 b5 4. cxb5 a6 5. f3 axb5 6. e4 Qa5+ 7. b4 Qxb4+ 8. Bd2 Qa4 9. Qc1 Qa7 10. Bxb5 e6 11. Nc3 Be7 12. Nge2 0-0 13. 0-0 d6 14. Nf4 e5 15. Nfe2 Ba6 16. Ng3 Rc8 17. Nf5 Bf8 18. Qe1 Ne8 19. Qg3 Bxb5 20. Nxb5 Qd7 21. a4 g6 22. f4 Kh8 23. Ne3 f6 24. fxe5 dxe5 25. Nc4 Ra6 26. Nxe5 Qe7 27. Nxg6+ hxg6 28. Qh3+ Kg8 29. Qxc8 Rb6 30. Qg4 Qh7 31. Rf3 Nd7 32. Be3 f5 33. exf5 Ndf6 34. Qf4 Nxd5 35. Qc4 Qb7 36. Rd1 Nec7 37. Nxc7 Rb1 38. Rxb1 Qxb1+ 39. Rf1 1-0

[Event "FRA-chT2S"]
[Site "France"]
[Date "1997.??.??"]
[Round "3"]
[White "Libiszewski, Fabien"]
[Black "Bedue, Julien"]
[Result "1-0"]
[WhiteElo "2110"]
[BlackElo "1830"]
[PlyCount "151"]
[EventDate "1997.??.??"]
[EventType "team"]
[EventRounds "9"]
[EventCountry "FRA"]
[SourceTitle "EXT 2007"]
[Source "ChessBase"]
[SourceDate "2006.11.23"]
[SourceVersion "1"]
[SourceVersionDate "2006.11.23"]
[SourceQuality "1"]
[WhiteTeam "Lyon"]
[BlackTeam "La Ciotat"]
[WhiteTeamCountry "FRA"]
[BlackTeamCountry "FRA"]

1. e4 Nf6 2. e5 Nd5 3. c4 Nb6 4. d4 d6 5. exd6 cxd6 6. d5 N8d7 7. Be3 g6 8. Bd4 Nf6 9. Nc3 Bg7 10. Bd3 0-0 11. Nge2 e5 12. Bxb6 Qxb6 13. Qb3 Qd8 14. 0-0 Nd7 15. Qa3 Nc5 16. Bc2 Bf5 17. Bxf5 gxf5 18. b4 Nd3 19. Ng3 f4 20. Nge4 f5 21. Rad1 f3 22. Rxd3 fxe4 23. Nxe4 Rf4 24. Ng3 e4 25. Re3 fxg2 26. Kxg2 Qg5 27. Qc1 Raf8 28. Rxe4 Rxf2+ 29. Kh3 Qxc1 30. Rxc1 Be5 31. c5 Rxa2 32. c6 bxc6 33. dxc6 Rc8 34. c7 Kf7 35. Rh4 Ke6 36. Rxh7 Rb2 37. Rc4 Kd5 38. Rg4 Kc6 39. Rf7 Rxc7 40. Rc4+ Kb5 41. Rcxc7 Kxb4 42. Rxa7 Kc4 43. Rf1 d5 44. Rd1 d4 45. Rf7 Rb3 46. Rc1+ Rc3 47. Rxc3+ dxc3 48. Ne2 c2 49. Rf2 Bb2 50. Kg4 Kd3 51. h4 Ke3 52. Rg2 Ke4 53. h5 Ke5 54. Kg5 Ke4 55. Rg3 Be5 56. Rb3 Bf4+ 57. Kg4 Bd2 58. h6 Bxh6 59. Rc3 c1Q 60. Nxc1 Bd2 61. Rc8 Ke3 62. Nb3 Bb4 63. Rd8 Ba3 64. Kg3 Bb2 65. Kg2 Ba3 66. Rd7 Bb4 67. Nd4 Bc5 68. Nc2+ Ke4 69. Kf1 Bb6 70. Ke2 Bg1 71. Rh7 Bc5 72. Rh4+ Kd5 73. Kd3 Kd6 74. Rh5 Bf2 75. Ne3 Bg1 76. Ke2 1-0

[Event "FRA-chT2S"]
[Site "France"]
[Date "1997.??.??"]
[Round "2"]
[White "Rue, Eric"]
[Black "Bedue, Julien"]
[Result "1-0"]
[WhiteElo "2140"]
[BlackElo "1830"]
[PlyCount "129"]
[EventDate "1997.??.??"]
[EventType "team"]
[EventRounds "9"]
[EventCountry "FRA"]
[SourceTitle "EXT 2007"]
[Source "ChessBase"]
[SourceDate "2006.11.23"]
[SourceVersion "1"]
[SourceVersionDate "2006.11.23"]
[SourceQuality "1"]
[WhiteTeam "Clermont Ferrand"]
[BlackTeam "La Ciotat"]
[WhiteTeamCountry "FRA"]
[BlackTeamCountry "FRA"]

1. e4 Nf6 2. Nc3 d5 3. e5 d4 4. exf6 dxc3 5. fxg7 cxd2+ 6. Qxd2 Qxd2+ 7. Bxd2 Bxg7 8. 0-0-0 Nc6 9. Bb5 Bd7 10. Nf3 0-0-0 11. Rhe1 e5 12. Bxc6 Bxc6 13. Nxe5 Bxe5 14. Rxe5 Bxg2 15. Re7 Bf3 16. Rg1 Bh5 17. Bf4 Rd7 18. Rxd7 Kxd7 19. Rg5 Bg6 20. h4 h5 21. Rd5+ Kc8 22. Rc5 c6 23. b4 Kd7 24. b5 cxb5 25. Rxb5 Kc6 26. Rb4 Rc8 27. c3 Re8 28. Rc4+ Kd5 29. Rd4+ Kc6 30. Rd6+ Kb5 31. Rd7 Kb6 32. Rd6+ Kb5 33. Rd7 Re2 34. Rxb7+ Kc4 35. Rc7+ Kd3 36. Rxa7 Rxf2 37. Be5 Rf5 38. Rd7+ Ke2 39. Bd4 Rf4 40. a4 Rxh4 41. a5 Rh1+ 42. Kb2 Rb1+ 43. Ka2 Rb5 44. Bb6 Bc2 45. Rd6 h4 46. a6 Bb1+ 47. Ka3 Be4 48. Rd4 Rxb6 49. Rxe4+ Kd3 50. a7 Kxe4 51. a8Q+ Kf4 52. Qd8 Ra6+ 53. Kb4 Ra1 54. Qxh4+ Ke3 55. Qd4+ Ke2 56. c4 Rf1 57. Qe4+ Kd2 58. c5 f5 59. Qg2+ Ke1 60. c6 f4 61. c7 f3 62. Qg3+ Ke2 63. Qe5+ Kd2 64. Qd4+ Ke2 65. c8Q 1-0